00759nam a22001937a 4500999001900000005001700019010001500036020002600051035001400077037001300091082001200104100002700116245014400143260005100287270005800338300002100396942002600417952012200443 c190288d19028820220721150404.0 aENG-133789 a9788131306017c600.00 aEN-117321 bDBAD/PUB a338.954 aReddy, G. Ramachandhra aPlain Speaking on Democratic Reforms:bPolitics of Social Justice Police Encounters Challenges of Terrorism/cParthasarathi Rajagopalachari aNew DelhibA.P.H. Publishing Corporationc2009 a4435-36/7, Ansari Road, DariyaganjbNew Delhie110002 a190p.c22cm(hbk) 2ddccENh338.954mRED 001040708NFICaBNbBNd2022-07-21eDBAD/PUBg600.00l0o338.954 REDpEN-117321r2022-07-21 00:00:00t1v600.00yEN